Doo-Wops & Hooligans Bruno mars - Statistics

General Stats
  • This quiz has been taken 11 times
  • The average score is 9 of 11
Answer Stats
Hint Answer % Correct
1 Grenade
89%
2 Just the way you are
89%
6 Marry You
89%
3 Our first time
89%
7 Talking to the Moon
89%
9 Count on me
78%
8 Liquor Store Blues (feat. Damian Marley)
78%
4 Runaway Baby
78%
11 Somewhere in Brooklyn
78%
5 The Lazy song
67%
10 The Other Side (feat. CeeLo Green and B.o.B)
67%
No matching quizzes found
Score Distribution
Percent of People with Each Score
Percentile by Number Answered
Your Score History
You have not taken this quiz